Dil / (Record no. 47187)

MARC details
000 -LEADER
fixed length control field 01187nji a22003017a 4500
005 - DATE AND TIME OF LATEST TRANSACTION
control field 20100921114557.0
006 - FIXED-LENGTH DATA ELEMENTS--ADDITIONAL MATERIAL CHARACTERISTICS--GENERAL INFORMATION
fixed length control field a|||||r|||||00| 0
007 - PHYSICAL DESCRIPTION FIXED FIELD--GENERAL INFORMATION
fixed length control field sd ammalaaahaa
008 - FIXED-LENGTH DATA ELEMENTS--GENERAL INFORMATION
fixed length control field 100830t xxu||||| |||| 00| 0 eng d
028 ## - PUBLISHER NUMBER
Publisher number SHFLP-1/1366
Source Super; T-Series
035 ## - SYSTEM CONTROL NUMBER
System control number GR-05175
040 ## - CATALOGING SOURCE
Original cataloging agency SED
Transcribing agency SED
100 ## - MAIN ENTRY--PERSONAL NAME
9 (RLIN) 17455
Personal name Paudwal, Anuradha
245 ## - TITLE STATEMENT
Title Dil /
Statement of responsibility, etc sung by Anuradha Paudwala [and] Udit Narayan; lyric by Sameer; music by Anand-Millind
Medium [sound recording] :
246 ## - VARYING FORM OF TITLE
Title proper/short title दिल /
260 ## - PUBLICATION, DISTRIBUTION, ETC. (IMPRINT)
Place of publication, distribution, etc Dum Dum, India
Name of publisher, distributor, etc Super; T-Series
Date of publication, distribution, etc 1990
300 ## - PHYSICAL DESCRIPTION
Extent 1 sound disc [Gramophone Recording]:
Other physical details analog, 33 1/3 rpm
Dimensions 12.5 in. (LP)
Type of unit Gramophone Record
500 ## - GENERAL NOTE
General note Brief Record
500 ## - GENERAL NOTE
General note Record labels : Super; T-Series, Red
505 ## - FORMATTED CONTENTS NOTE
Formatted contents note Side-1 (Dil kho gaya) (Anuradha Paudwal [and] Udit Narayan) Side-2 (Hum pyar karne wale) (Anuradha Paudwal [and] Udit Narayan)
600 ## - SUBJECT ADDED ENTRY--PERSONAL NAME
Personal name Paudwal, Anuradha
9 (RLIN) 20359
650 ## - SUBJECT ADDED ENTRY--TOPICAL TERM
Topical term or geographic name as entry element Film Song
General subdivision Excerpts
Geographic subdivision India
9 (RLIN) 20876
700 ## - ADDED ENTRY--PERSONAL NAME
Personal name Narayan, Udit
9 (RLIN) 20871
700 ## - ADDED ENTRY--PERSONAL NAME
Personal name Sameer
9 (RLIN) 20877
700 ## - ADDED ENTRY--PERSONAL NAME
Personal name Anand-Millind
9 (RLIN) 20903
942 ## - ADDED ENTRY ELEMENTS (KOHA)
Source of classification or shelving scheme Dewey Decimal Classification
Item type Gramaphone Records
Holdings
Withdrawn status Lost status Source of classification or shelving scheme Damaged status Not for loan Collection code Home library Current library Date acquired Source of acquisition Total Checkouts Barcode Date last seen Copy number Price effective from Koha item type
    Dewey Decimal Classification   Not For Loan Non-fiction Central Library Central Library 21/09/2010 SED/VEN   GR-05175 21/09/2010 1 21/09/2010 Gramaphone Records

© Delhi Public Library
Hit Counter
free hit counter